| 000 | 00602nam a2200205 a 4500 | ||
|---|---|---|---|
| 001 | 1456 | ||
| 003 | CDMR | ||
| 005 | 20131014173920.0 | ||
| 008 | 130130s1979||||||||||||||||||||||||||||d | ||
| 020 | _a8485303202 | ||
| 040 |
_aCDMR _bcat _cCDMR |
||
| 100 | 1 |
_aFernández Clemente, Eloy _91108 |
|
| 245 | 1 | 0 |
_aHistoria de la prensa aragonesa _cEloy Fernández Clemente y Carlos Forcadell |
| 260 |
_aZaragoza _c1979 _bGuara |
||
| 300 |
_a253 p. _c20 cm |
||
| 490 | 0 |
_aColección Básica Aragones _v14, 15 |
|
| 650 | 0 | 4 |
_93401 _aPremsa _zAragó _xHistòria |
| 700 | 1 |
_94062 _aForcadell, Carlos |
|
| 942 |
_cMON _2udc |
||
| 999 |
_c1456 _d1456 |
||